00646nam a22001695i 4500001000700000003000900007005001700016008004100033040002000074100002200094245011800116250001300234260009000247300001800337651006000355852006100415160260ES-MaACL20250702193805.0040922s1866 fr |||| | fre d aCAM bspa cCAM1 aMortimer-Ternaux.10aHistoire de la Terreur, 1792-1794 b: d'après des documents authentiques et inédits / cpar Mortimer-Ternaux. a2e éd. aParis : bMichel Lévy frères libraires-éditeurs, c1866 (fImprimerie J. Claye) av. ; c22 cm. 7aFrancia-xHistoria-y1792-1795, Convención nacional2 aES-MaACLjF-5690 z-- Enc. hol. q-- Sólo t.V (573 p.)